000 00478nam a2200157Ia 4500
999 _c17544
_d17544
003 OSt
005 20200606120045.0
008 190216s9999||||xx |||||||||||||| ||und||
040 _cMESKC library
082 _a891.4309
_bPAN/H
100 _aPandey, Sudhakar
_9218
245 0 _aHindi Sahithya Ka Brehath Ithihas /
_cSudhakar Pandey
260 _bNagariprajarini Sabha,
_aVaranasi:
300 _a606p
942 _cBK
_2ddc
_h891.4309
_iPAN/H
_k891.4309
_mPAN/H